Flags of Europe in 1581 - Statistics

General Stats
  • This quiz has been taken 154 times
    71 since last reset
  • The average score is 12 of 16
Answer Stats
Picture Answer % Correct
Archduchy of Austria
98%
Denmark–Norway
98%
Holy Roman Empire
92%
Kingdom of France
90%
Kingdom of Scotland
90%
Kingdom of Sweden
90%
Kingdom of England
88%
Kingdom of Ireland
85%
Ottoman Empire
85%
Republic of the Seven United Netherlands
79%
Polish–Lithuanian Commonwealth
75%
Republic of Venice
71%
Papal States
63%
Tsardom of Russia
63%
Iberian Union
44%
Hospitaller Malta
31%
No matching quizzes found
Score Distribution
Percent of People with Each Score
Percentile by Number Answered
Your Score History
You have not taken this quiz since the last reset